|
|
|
|
| LEADER |
00000nam0a2200000 4500 |
| 001 |
269990 |
| 005 |
20240122142738.0 |
| 010 |
|
|
|a 9785438704188
|
| 035 |
|
|
|a (RuTPU)RU\TPU\book\293170
|
| 090 |
|
|
|a 269990
|
| 100 |
|
|
|a 20140923d2014 k y0rusy50 ca
|
| 101 |
0 |
|
|a rus
|
| 102 |
|
|
|a RU
|
| 105 |
|
|
|a a z 001zy
|
| 200 |
1 |
|
|a Стратегия и основы технологии поисков углеводородов в доюрском основании Западной Сибири
|e монография
|f В. И. Исаев [и др.]
|g Национальный исследовательский Томский политехнический университет (ТПУ)
|
| 210 |
|
|
|a Томск
|c Изд-во ТПУ
|d 2014
|
| 215 |
|
|
|a 112 с.
|c ил.
|
| 320 |
|
|
|a Библиогр.: с. 69-72 и с. 109.
|
| 330 |
|
|
|a В монографии сформулирована стратегия и основы технологии выявления и нефтегеологической оценки поисковых объектов. Разработана концепция юрского источника как «главного источника» углеводородов, формирующих залежи в доюрском основании. Обоснованы поисковые критерии резервуаров в доюрском основании, приведен опыт применения данных сейсморазведки и гравиразведки для выявления «зон разуплотнения» и схемы нефтегеологической интерпретации «зон разуплотнения» как возможных резервуаров. Результаты получены на основе геохимических, литолого-петрографических и геофизических исследований пород юрско-мелового и доюрского разреза Рогожниковской группы месторождений Красноленин-ского свода. Предназначена для научных работников, специалистов органов управления фондом недр и недропользователей Западной Сибири.
|
| 452 |
|
1 |
|0 (RuTPU)RU\TPU\book\299501
|t Стратегия и основы технологии поисков углеводородов в доюрском основании Западной Сибири
|o монография
|f В. И. Исаев [и др.]
|c Томск
|n Изд-во ТПУ
|d 2014
|
| 606 |
1 |
|
|a Нефтегазоносность
|x Поиски и разведка
|2 stltpush
|3 (RuTPU)RU\TPU\subj\45612
|9 64805
|
| 610 |
1 |
|
|a Западная Сибирь
|
| 610 |
1 |
|
|a углеводороды
|
| 610 |
1 |
|
|a доюрское основание
|
| 610 |
1 |
|
|a резервуары
|
| 610 |
1 |
|
|a нефтегеологическая оценка
|
| 610 |
1 |
|
|a экологическая эффективность
|
| 610 |
1 |
|
|a труды учёных ТПУ
|
| 675 |
|
|
|a 553.98:550.8
|v 3
|
| 701 |
|
1 |
|a Исаев
|b В. И.
|c геолог
|c профессор Томского политехнического университета, доктор геолого-минералогических наук
|f 1952-
|g Валерий Иванович
|3 (RuTPU)RU\TPU\pers\24786
|
| 701 |
|
1 |
|a Лобова
|b Г. А.
|c геофизик
|c доцент Томского политехнического университета, кандидат геолого-минералогических наук
|f 1952-
|g Галина Анатольевна
|3 (RuTPU)RU\TPU\pers\28751
|9 13541
|
| 701 |
|
1 |
|a Коржов
|b Ю. В.
|g Юрий Владимирович
|
| 701 |
|
1 |
|a Кузина
|b М. Я.
|g Марина Яковлевна
|
| 701 |
|
1 |
|a Кудряшова
|b Л. К.
|c геолог
|c доцент Томского политехнического университета, кандидат геолого-минералогических наук
|f 1990-
|g Лидия Константиновна
|3 (RuTPU)RU\TPU\pers\31840
|9 15934
|
| 701 |
|
1 |
|a Сингурова
|b О. Г.
|g Ольга Геннадьевна
|
| 712 |
0 |
2 |
|a Национальный исследовательский Томский политехнический университет (ТПУ)
|c (2009- )
|3 (RuTPU)RU\TPU\col\15902
|
| 801 |
|
1 |
|a RU
|b 63413507
|c 20140923
|
| 801 |
|
2 |
|a RU
|b 63413507
|c 20141120
|g RCR
|
| 942 |
|
|
|c BK
|